Central Library OPAC University of Rajshahi

যশোর জেলা নীল চাষ নীলকর নীলচাষি সম্পর্ক / (Record no. 55886)

MARC details
000 -LEADER
fixed length control field 00974nam a2200241 a 4500
001 - CONTROL NUMBER
control field 55886
003 - CONTROL NUMBER IDENTIFIER
rucl marc code BD-RjUL
005 - DATE AND TIME OF LATEST TRANSACTION
control field 20211209080328.0
008 - FIXED-LENGTH DATA ELEMENTS--GENERAL INFORMATION
fixed length control field 161122s2010 bg ||||| |||| 00| 0 ben d
020 ## - INTERNATIONAL STANDARD BOOK NUMBER
International Standard Book Number 9840748430
Terms of availability : Tk.150.00
035 ## - SYSTEM CONTROL NUMBER
System control number (BD-RjUL)56010
040 ## - CATALOGING SOURCE
Original cataloging agency BD-RjUL
Language of cataloging ben
Transcribing agency BD-RjUL
Modifying agency BD-RjUL
041 ## - LANGUAGE CODE
Language code of text/sound track or separate title ben
082 ## - DEWEY DECIMAL CLASSIFICATION NUMBER
Edition number 23
Classification number 583.745492
Author mark and year KAJ 2010
100 ## - MAIN ENTRY--PERSONAL NAME
Personal name করিম, মোঃ রাজাউল
9 (RLIN) 166357
245 10 - TITLE STATEMENT
Title যশোর জেলা নীল চাষ নীলকর নীলচাষি সম্পর্ক /
Statement of responsibility, etc. মোঃ রাজাউল করিম,
260 ## - PUBLICATION, DISTRIBUTION, ETC. (IMPRINT)
Place of publication, distribution, etc. ঢাকা :
Name of publisher, distributor, etc. বাংলা একাডেমী,
Date of publication, distribution, etc. ২০১০
300 ## - PHYSICAL DESCRIPTION
Pagination [৮], ২২০ পৃ. :
Illustrations চিত্র ;
Size ২৩ সেমি.
500 ## - GENERAL NOTE
General note গ্রন্থপঞ্জি সংযুক্ত
650 ## - SUBJECT ADDED ENTRY--TOPICAL TERM
Topical term or geographic name as entry element নীলচাষ
Chronological subdivision বাংলাদেশ
9 (RLIN) 166358
Topical term or geographic name as entry element Indigo Plants
Geographic subdivision Bangladesh
9 (RLIN) 166359
942 ## - ADDED ENTRY ELEMENTS (KOHA)
Source of classification or shelving scheme Dewey Decimal Classification
Koha item type Books
Holdings
Lost status Source of classification or shelving scheme Damaged status Not for loan Collection code Permanent Location Current Location Shelving location Date acquired Source of acquisition Cost, normal purchase price Total Checkouts Full call number Date last seen Date checked out Copy number Koha item type
  Dewey Decimal Classification     Non-fiction Central Library, University of Rajshahi Central Library, University of Rajshahi   09/06/2011 Bangla Academy, Dhaka. 150.00 1 B 583.745492 KAJ 2010 06/05/2019 08/04/2019 C-2 Books